000 00460nam a2200157 4500
001 111971
003 ES-MaACL
005 20230906185408.0
007 t|
008 061121s1965 sp r ||||1| spa d
100 1 _aNewman, William H.
_985500
245 1 0 _aProgramación, organización y control
_b: casos prácticos /
_cpor William H. Newman.
260 _aBilbao :
_bDeusto,
_c1965.
300 _a147 p. ;
_c21 cm.
852 _aES-MaACL
_jC-27080
_bR.56062
999 _c111971
_d111971